Exposición - venta de obras de arte donadas por artistas pro damnificados del Vallés : Salón Gótico del Antiguo Hospital de la Santa Cruz. Del 1 al 16 de Diciembre de 1962 Salón Gótico del Antiguo Hospital de la Santa Cruz. Del 1 al 16 de Diciembre de 1962
Descripción Física:
[22] p. : il. ; 21 cm
Materias:
Art modern -- S. XX -- Exposicions
MARC
| LEADER | 00000nam a2200000Ia 4500 | ||
|---|---|---|---|
| 001 | 11185 | ||
| 008 | 160829s9999 xx 000 0 cat d | ||
| 080 | |a FU-16-5 | ||
| 245 | |a Exposición - venta de obras de arte donadas por artistas pro damnificados del Vallés : |b Salón Gótico del Antiguo Hospital de la Santa Cruz. Del 1 al 16 de Diciembre de 1962 | ||
| 260 | |a Barcelona : |b (Gráficas Universidad), dl 1962 | ||
| 300 | |a [22] p. : |b il. ; |c 21 cm | ||
| 590 | |a A la part superior de la portada: Diputación Provincial de Barcelona. | ||
| 590 | |a Catàleg de l'exposició. | ||
| 590 | |a Hi ha un altre exemplar a G-570 | ||
| 650 | 0 | |a Art modern |y S. XX |v Exposicions |9 25515 | |
| 710 | 1 | |a Barcelona (Catalunya : Província). |b Diputació |9 52408 | |
| 901 | |a Arxiu | ||
| 942 | |n 1 | ||
| 952 | |0 0 |1 0 |4 0 |6 FU165 |7 1 |9 54553 |a Arxiu |b Arxiu |d 2016-12-01 |l 0 |o FU-16-5 |p 11185 |r 2016-12-01 00:00:00 |w 2016-12-01 |y ARXIU | ||
| 999 | |c 58422 |d 58422 | ||